00967nam a22002417a 45000010005000000030006000050050017000110080041000280400029000690500015000980820008001131000033001212450057001542600064002113000059002754900064003345050008003985200210004065210029006165210020006456500030006656500030006959955FISKH20260319122111.0260319b cb ||||| |||| 00| 0 eng d aFISKHbengcFISKHdFISKH aQL49 .W537 a590 aNational Wildlife Federation aWild animal baby / cBy National Wildlife Federation aWashington , D.C. :bNational Wildlife Federation ,c2001.  a22 unnumbered pages : bcolor illustrations ;c18 cm . aWild Animal Baby Magazine (Collections and Selections — ) aD  aWith 3-D animation and live-action footage children will learn about all kinds of wildlife and their habitats, develop crucial problem-solving skills, and begin to nurture a personal connection with nature8 a160 bLexile estimate 8 aD bRaz-Plus  aWild animalsvNon-fiction aBaby animalsvNon-fiction